Tylko polskie rzeki - nagła śmierć - Statystyki

Ogólne statystyki
  • Ten quiz został rozwiązany 255 razy
  • Średni wynik to 3 z 20
Answers on the Grid
Answers color-coded by a green-red scale on the quiz's grid according to % correct below.
Biebrza
Brda
Bug
Bzura
Czarna Orawa
Dniestr
Drawa
Drwęca
Dunajec
Gwda
Łaba
Łyna
Narew
Nogat
Noteć
Nysa Kłodzka
Nysa Łużycka
Odra
Olza
Pilica
Pisa
Poprad
Prosna
San
Słupia
Warta
Wda
Wieprz
Wisła
Wisłok
Wisłoka
Wkra
 
Statystyki odpowiedzi
Odpowiedź % Poprawnych
Biebrza
65%
Brda
47%
Wisła
29%
Bzura
18%
Warta
18%
Wieprz
17%
Wisłok
16%
Noteć
15%
Wda
15%
Wisłoka
15%
Wkra
14%
Drwęca
13%
Pilica
12%
Słupia
12%
Nogat
9%
Pisa
9%
Drawa
7%
Gwda
7%
Nysa Kłodzka
7%
Prosna
7%
Nie znaleziono quizów pasujących do podanych kryteriów
Rozkład punktacji
Procent ludzi z każdym wynikiem
Percentyl według liczby udzielonych odpowiedzi
Twoja historia wyników
Nie rozwiązałeś tego quizu